000
00305nam a22001337a 4500
008
180309b xxu||||| |||| 00| 0 eng d
020
_a
9780198506980
041
_a
eng
080
_a
54
100
_a
12
101
_a
KIM
245
_a
Green chemistry theory and practice
_c
Anastas,P.T
942
_2
udc
_c
BK
999
_c
44565
_d
44565